Quantitative social science data with R : (Record no. 171335)

MARC details
000 -LEADER
fixed length control field 00883nam a22002537a 4500
003 - CONTROL NUMBER IDENTIFIER
control field OSt
005 - DATE AND TIME OF LATEST TRANSACTION
control field 20250225103908.0
008 - FIXED-LENGTH DATA ELEMENTS--GENERAL INFORMATION
fixed length control field 250225b |||||||| |||| 00| 0 eng d
020 ## - INTERNATIONAL STANDARD BOOK NUMBER
International Standard Book Number 9781526411501 (paperback)
040 ## - CATALOGING SOURCE
Original cataloging agency NUST
Language of cataloging eng
Transcribing agency NUST
Modifying agency NUST
Description conventions rda
050 ## - LIBRARY OF CONGRESS CALL NUMBER
Classification number H61.3 FOG
100 ## - MAIN ENTRY--PERSONAL NAME
Personal name Fogarty, Brian J
Relator term Author
245 ## - TITLE STATEMENT
Title Quantitative social science data with R :
Remainder of title an introduction /
Statement of responsibility, etc. Brian J. Fogarty
260 ## - PUBLICATION, DISTRIBUTION, ETC.
Place of publication, distribution, etc. Los Angeles :
Name of publisher, distributor, etc. SAGE,
Date of publication, distribution, etc. 2023.
300 ## - PHYSICAL DESCRIPTION
Extent ix, 312 pages :
Other physical details Illustrations ;
Dimensions 25 cm.
336 ## - CONTENT TYPE
Source rdamedia
Content type term text
Content type code txt
337 ## - MEDIA TYPE
Source rdamedia
Media type term unmediated
Media type code n
338 ## - CARRIER TYPE
Source rdamedia
Carrier type term volume
Carrier type code nc
504 ## - BIBLIOGRAPHY, ETC. NOTE
Bibliography, etc. note Includes index.
650 ## - SUBJECT ADDED ENTRY--TOPICAL TERM
Form subdivision Social sciences -- Research -- Data processing.
650 ## - SUBJECT ADDED ENTRY--TOPICAL TERM
Form subdivision Quantitative research -- Data processing.
650 ## - SUBJECT ADDED ENTRY--TOPICAL TERM
Form subdivision R (Computer program language).
942 ## - ADDED ENTRY ELEMENTS (KOHA)
Source of classification or shelving scheme Library of Congress Classification
Koha item type Ordinary Loan Books
Classification part H61.3 FOG
Call number prefix H
Call number suffix FOG
Suppress in OPAC No
Holdings
Withdrawn status Lost status Source of classification or shelving scheme Damaged status Not for loan Collection Home library Current library Shelving location Date acquired Source of acquisition Cost, normal purchase price Total Checkouts Full call number Barcode Date last seen Accession number Cost, replacement price Price effective from Koha item type Public note
    LCC     NFIC MAIN MAIN GEN 02/25/2025 Book Aid International 39.00   H61.3 FOG 92004054617 02/25/2025 61443 39.00 02/25/2025 BOOKS Donation